| 000 | 01561nam a2200313Ia 4500 | ||
|---|---|---|---|
| 999 |
_c5201 _d5201 |
||
| 003 | OSt | ||
| 005 | 20200415164656.0 | ||
| 008 | 191128s2002 ck gr 000 0 spa d | ||
| 020 | _a9789588616025 | ||
| 040 |
_aCO-JMCR _cCO-JMCR |
||
| 041 | 0 | _aspa | |
| 082 | 0 | 4 |
_a303.42 / _bR26 |
| 100 | 1 |
_aGaray, Jorge Luis, _eautor _93069 |
|
| 245 | 1 | 0 |
_aRepensar a Colombia: _bhacia un nuevo contrato social / _cJorge Luis Garay ; Coordinadores temáticos Gilberto Echeverry, Carlos Gaviria, Gillermo Hoyos [y otros 2] |
| 260 |
_aBogotá : _bPrograma de las Naciones Unidas para el Desarrollo PNUD, _c2002 |
||
| 300 |
_a345 páginas ; _c24 cm. |
||
| 300 | _c 24 cm | ||
| 490 | 0 | _aTalleres del Milenio | |
| 505 | _aColombia hacia una sociedad democrática moderna/Construcción y legitimación de lo público/Institucionalización del Estado legitimidad y eficacia/Vindicación de la política/Desarrollo de una cultura de la civilidad/Educación de ciudadanos como protagonista | ||
| 520 | _aDurante cerca de diez meses, 130 colombianos y colombianas se reunieron periódicamente para repensar el país, bajo una reflexión denominada los Talleres del Milenio, pretendiendo aportar posibles caminos para el establecimiento de un nuevo contrato. | ||
| 650 | 1 | 4 |
_aCambio social _93070 |
| 650 | 2 | 4 |
_aContrato social _93071 |
| 650 | 2 | 4 |
_aParadigmas _93072 |
| 650 | 2 | 4 |
_aReformas _93073 |
| 700 | 1 |
_aEcheverry, Gilberto, _eCoordinador _93074 |
|
| 700 | 1 |
_aGaviria, Carlos, _eCoordinador _93075 |
|
| 700 | 1 |
_aHoyos, Gillermo, _eCoordinador _93076 |
|
| 942 |
_2ddc _cBK |
||